000 00975nab a2200217 i 4500
001 768714001
003 CO-MdFUSB
005 20240612150348.0
008 240612t1961 sp ||||| |||| 00| 0 spa d
040 _bspa
_cCO-MdFUSB
_dCO-MdFUSB
041 _aspa
100 _aAlonso Morán, Sabino,
_eautor
245 3 _aLa dedicación de las iglesias al cultivo divino
_c/ Sabino Alonso Morán
520 _aEn este artículo se analiza los siguientes puntos: 1) Obligación y modos de verificar Ia dedicación; 2) Cesación de Ia misma; 3) Suspensión parcial de sus efectos; 4) Reconciliación de las iglesias violadas.
650 7 _aIglesia
_9655
650 7 _aSantos cristianos
_xCulto
_97112
650 7 _aRitos y ceremonias
_9207
773 0 _070126
_982755
_dSalamanca, España :
_oR2630
_tSalmanticensis
_w(CO-MdFUSB)768714001
_gVolumen 8, (fascículo 3, 1961) páginas: 703 - 722
_qpágina: 703
942 _cANA
945 _aCatherine Arias Álvarez - Practicante SENA
999 _c70168
_d70168